00254nam a2200109Ia 4500008004100000020001800041082001400059100002000073245003200093260001000125500000900135260604s9999 xx 000 0 und d a9781484778579 a813.6 BOL aDisney Hyperion 0aThe Girl Who Knew Even More bSHREE aGirl